All the kings and queens of the Bible : (Record no. 10360)
[ view plain ]
| 000 -LEADER | |
|---|---|
| fixed length control field | 01939cam a22003611i 4500 |
| 001 - CONTROL NUMBER | |
| control field | 383544 |
| 003 - CONTROL NUMBER IDENTIFIER | |
| control field | OCoLC |
| 005 - DATE AND TIME OF LATEST TRANSACTION | |
| control field | 20210222173243.0 |
| 008 - FIXED-LENGTH DATA ELEMENTS--GENERAL INFORMATION | |
| fixed length control field | 800124s1961 miub b 001 0ceng |
| 010 ## - LIBRARY OF CONGRESS CONTROL NUMBER | |
| LC control number | 61001477 |
| 020 ## - INTERNATIONAL STANDARD BOOK NUMBER | |
| International Standard Book Number | 0310280702 |
| 020 ## - INTERNATIONAL STANDARD BOOK NUMBER | |
| International Standard Book Number | 9780310280705 |
| 035 ## - SYSTEM CONTROL NUMBER | |
| System control number | (OCoLC)383544 |
| Canceled/invalid control number | (OCoLC)855189300 |
| 040 ## - CATALOGING SOURCE | |
| Original cataloging agency | DLC |
| Language of cataloging | eng |
| Transcribing agency | DLC |
| Modifying agency | OCL |
| -- | STF |
| -- | EYM |
| -- | CIRBC |
| -- | IGR |
| -- | OCLCO |
| -- | OCLCQ |
| -- | OCLCF |
| -- | SGB |
| -- | DML |
| -- | SJG |
| -- | OCLCQ |
| -- | OCL |
| -- | BHB |
| -- | RNP |
| -- | BMS |
| -- | Z5F |
| -- | PTS |
| -- | CIRBC |
| 050 #0 - LIBRARY OF CONGRESS CALL NUMBER | |
| Classification number | BS579.K5 |
| Item number | L818A |
| 082 0# - DEWEY DECIMAL CLASSIFICATION NUMBER | |
| Classification number | 220.92 |
| Item number | L818A |
| 092 0# - LOCALLY ASSIGNED DEWEY CALL NUMBER (OCLC) | |
| Classification number | 220.92 |
| Item number | L818A |
| 100 1# - MAIN ENTRY--PERSONAL NAME | |
| Personal name | Lockyer, Herbert. |
| 245 10 - TITLE STATEMENT | |
| Title | All the kings and queens of the Bible : |
| Remainder of title | tragedies and triumphs of royalty in past ages / |
| Statement of responsibility, etc. | by Herbert Lockyer. |
| 260 ## - PUBLICATION, DISTRIBUTION, ETC. | |
| Place of publication, distribution, etc. | Grand Rapids : |
| Name of publisher, distributor, etc. | Zondervan Publishing House, |
| Date of publication, distribution, etc. | ©1961. |
| 300 ## - PHYSICAL DESCRIPTION | |
| Extent | 253 pages : |
| Other physical details | maps ; |
| Dimensions | 24 cm |
| 336 ## - CONTENT TYPE | |
| Content type term | text |
| Content type code | txt |
| Source | rdacontent |
| 337 ## - MEDIA TYPE | |
| Media type term | unmediated |
| Media type code | n |
| Source | rdamedia |
| 338 ## - CARRIER TYPE | |
| Carrier type term | volume |
| Carrier type code | nc |
| Source | rdacarrier |
| 490 1# - SERIES STATEMENT | |
| Series statement | "All" series |
| 504 ## - BIBLIOGRAPHY, ETC. NOTE | |
| Bibliography, etc. note | Includes bibliographical references (pages 249-250) and index. |
| 505 0# - FORMATTED CONTENTS NOTE | |
| Formatted contents note | Introduction -- Part one : Bible kings. Mesopotamia and ancient monarchs -- Assyria and Assyrian monarchs, B.C. 1456-615 -- Egypt and Egyptian monarchs -- Babylonia and Babylonian monarchs, B.C. 606-538 -- Persia and Persian monarchs, B.C. 539-331 -- Greece and Grecian monarchs -- Rome and Roman monarchs -- Palestine and Jewish monarchs -- The earth and its perfect Monarch -- Prophetic kings in Bible history -- Symbolic kings in Bible history -- Part two : Bible queens. Introduction -- Gentile queens in Bible history -- Jewish queens in Bible history -- Symbolic queens in Bible history. |
| 630 00 - SUBJECT ADDED ENTRY--UNIFORM TITLE | |
| Uniform title | Bible |
| Form subdivision | Biography. |
| 655 #7 - INDEX TERM--GENRE/FORM | |
| Genre/form data or focus term | Biographies. |
| Source of term | fast |
| Authority record control number or standard number | (OCoLC)fst01919896 |
| 776 08 - ADDITIONAL PHYSICAL FORM ENTRY | |
| Relationship information | Online version: |
| Main entry heading | Lockyer, Herbert. |
| Title | All the kings and queens of the Bible. |
| Place, publisher, and date of publication | Grand Rapids, Zondervan Pub. House [1961] |
| Record control number | (OCoLC)644616946 |
| 830 #0 - SERIES ADDED ENTRY--UNIFORM TITLE | |
| Uniform title | ALL (Series) |
| 942 ## - ADDED ENTRY ELEMENTS (KOHA) | |
| Source of classification or shelving scheme | Dewey Decimal Classification |
| Koha item type | Books |
| Withdrawn status | Lost status | Source of classification or shelving scheme | Damaged status | Not for loan | Collection code | Home library | Current library | Shelving location | Date acquired | Total Checkouts | Full call number | Barcode | Date last seen | Price effective from | Koha item type |
|---|---|---|---|---|---|---|---|---|---|---|---|---|---|---|---|
| Dewey Decimal Classification | Not For Loan | Reference | Harvest Mission College | Harvest Mission College | Reference | 23.02.2021 | REF 220.92 L818A | 011961 | 23.02.2021 | 23.02.2021 | Reference |
